Historia de la filosofía
Uloženo v:
| Hlavní autoři: | , |
|---|---|
| Médium: | Kniha |
| Jazyk: | španělština |
| Vydáno: |
Madrid, España
Palabra
2004
|
| Edice: | Manuales de Filosofía. Albatros,
6 |
| Témata: | |
| Tagy: |
Přidat tag
Žádné tagy, Buďte první, kdo vytvoří štítek k tomuto záznamu!
|
MARC
| LEADER | 00000nam a2200000 a 4500 | ||
|---|---|---|---|
| 001 | UCJ0794 | ||
| 003 | CL-VaPUC | ||
| 005 | 20240820103303.0 | ||
| 008 | 060908e20040000SP |||||||||||||||||spa|d | ||
| 999 | |c 317549 |d 317547 | ||
| 020 | |a 8482398601 | ||
| 040 | |c Pontificia Universidad Católica de Valparaíso | ||
| 082 | 0 | 4 | |a 109 FAZ 2004 |2 21 |
| 100 | 0 | |a Fazio, Mariano |e author |9 501149 | |
| 245 | 1 | 0 | |a Historia de la filosofía |
| 260 | |a Madrid, España |b Palabra |c 2004 | ||
| 300 | |a volúmenes | ||
| 490 | 0 | |a Manuales de Filosofía. Albatros, |v 6 | |
| 500 | |a v.4: Filosofía contemporánea | ||
| 583 | |a last modification |c 20140408 11:58:59 |k Rodrigo Vera | ||
| 650 | 0 | |a Filosofía |9 223554 | |
| 650 | 0 | |a Romanticismo |9 266698 | |
| 650 | 0 | |a Idealismo |9 265685 | |
| 650 | 0 | |a Teoría del conocimiento |9 255038 | |
| 650 | 0 | |a Filosofía de las ciencias |9 256466 | |
| 650 | 0 | |a Fenomenología |9 256519 | |
| 650 | 0 | |a Existencialismo |9 265698 | |
| 700 | 0 | |a Fernández Labastida, Francisco |e author |9 501150 | |
| 942 | |c BK |2 ddc | ||
| 945 | |d 20060908 00:00:00 |a cmena | ||
| 952 | |0 0 |1 2 |2 ddc |4 0 |6 109_000000000000000_FAZ_2004 |7 0 |8 A |9 394033 |a BIBTEO |b BIBTEO |d 2019-11-22 |h v.4 |i 4266498 |o 109 FAZ 2004 |p 4266498 |r 2019-11-22 |t 1 |w 2019-11-22 |y BK |k ICR | ||